000 00561nam a2200181 4500
001 143963
003 ES-MaACL
005 20230906200921.0
007 t|
008 070214s1921 xxk r ||||1| eng d
100 1 _aShaw, Bernard.
_9106025
245 1 0 _aHeartbreak house
_b: ; Great Catherine ; and Playlets of the war /
_cby Bernard Shaw.
260 _aLondon :
_bConstable and Co.,
_c1921 (
_eEdinburgh :
_fR. R. Clark)
300 _aXLVII, 266 p. ;
_c18 cm.
740 0 _aGreat Catherine.
740 0 _aPlaylets of the war.
852 _aES-MaACL
_jF-5392
999 _c143963
_d143963